Normal view
MARC view
- Moffitt, Kirk. Melzer, James E
Entry Personal Name
001 - CONTROL NUMBER
- control field: 77221
003 - CONTROL NUMBER IDENTIFIER
- control field: NUST
005 - DATE AND TIME OF LATEST TRANSACTION
- control field: 20210628205837.0
008 - FIXED-LENGTH DATA ELEMENTS
- fixed length control field: 210628|| aca||aabn | a|a d
040 ## - CATALOGING SOURCE
- Original cataloging agency: NUST
- Transcribing agency: NUST
100 ## - HEADING--PERSONAL NAME
- Personal name: Moffitt, Kirk. Melzer, James E
670 ## - SOURCE DATA FOUND
- Source citation: Work cat.: (NUST): Moffitt, Kirk. Melzer, James E., Head-mounted displays designing for the user, 1997
